书目信息 |
| 题名: |
日英汉电信电子学辞典
|
|
| 作者: | ;日英汉电信电子学辞典编审组 编 | |
| 分册: | ||
| 出版信息: | 北京 人民邮电出版社 1981 |
|
| 页数: | 1150页 | |
| 开本: | 19cm | |
| 丛书名: | ||
| 单 册: | ||
| 中图分类: | TN-61 , H366 | |
| 科图分类: | ||
| 主题词: | 电子学--词典--日、英、中 , 电信--词典--日、英、中 , 日语 | |
| 电子资源: | ||
| ISBN: | ||
| 000 | 00817nam0 2200265 45 | |
| 001 | 0181003708 | |
| 005 | 20061104081234.50 | |
| 010 | @b精装@dCNY6.30 | |
| 091 | @aCN@b15045.总2218.综202 | |
| 100 | @a19950619d1981 em y0chiy0121 ea | |
| 101 | 0 | @achi@aeng@ajpn |
| 102 | @aCN@b110000 | |
| 105 | @ay e 000yy | |
| 200 | 10 | @a日英汉电信电子学辞典@Ari ying han dian xin dian zi xue ci dian@f《日英汉电信电子学辞典》编审组编 |
| 210 | @a北京@c人民邮电出版社@d1981 | |
| 215 | @a1150页@d19cm | |
| 606 | @a电子学@x词典@x日、英、中 | |
| 606 | @a电信@x词典@x日、英、中 | |
| 606 | 0 | @a日语 |
| 690 | @aTN-61@v3 | |
| 690 | @aH366@v3 | |
| 711 | 02 | @a日英汉电信电子学辞典编审组@Ari ying han dian xin dian zi xue ci dian bian shen zu@4编 |
| 801 | 2 | @aCN@bNLC@c20061104 |
| 801 | 0 | @aCN@bTSSF |
| 905 | @a10447@dH366@e4 | |
| 日英汉电信电子学辞典/《日英汉电信电子学辞典》编审组编.-北京:人民邮电出版社,1981 |
| 1150页;19cm |
| ISBN (精装):CNY6.30 |
| ● |
| 相关链接 |
|
|
|
|
正题名:日英汉电信电子学辞典
索取号:H366/4
 
预约/预借
| 序号 | 登录号 | 条形码 | 馆藏地/架位号 | 状态 | 备注 |
| 1 | 0074157 | 001060728 | 第二样本阅览室/ [索取号:H366/4] | 在馆 |